Tous les Singles de Diamant de JuL - Statistiques

Statistiques générales
  • Ce quiz a été pris 5 956 fois
    141 depuis la dernière actualisation
  • Le résultat moyen est 20 sur 46
Statistiques - réponses
Titres Détails Date % Correct
ZOU BISOU ft. Theodora 30/05/2025
88%
AIR FORCE BLANCHE ft. Gims 20/06/2025
77%
Bande organisée 13 Organisé 14/08/2020
71%
Faut pas ft. PLK 01/02/2024
69%
J'oublie tout Dans ma paranoïa 24/02/2014
65%
Phénoménal D&P à vie 11/04/2025
65%
Moulaga ft. Heuss l'Enfoiré 13/12/2019
63%
Dybala ft. Maes 16/01/2020
62%
Tchikita Album gratuit 20/09/2016
62%
Ma jolie Je ne me vois pas briller 29/06/2017
56%
La bandite Rien 100 Rien 14/06/2019
55%
Ibiza C'est pas des LOL 08/11/2019
54%
JCVD Rien 100 Rien 14/06/2019
54%
Asalto La zone en personne 07/12/2018
53%
Avant la douane Album gratuit 13/05/2016
51%
Se grita ft. Morad 11/05/2023
50%
Sous la lune Rien 100 Rien 14/06/2019
49%
Toto et Ninetta Inspi d'ailleurs 29/06/2018
49%
Émotions Émotions 04/07/2016
47%
Italia La machine 19/06/2020
47%
Tu la love Dans ma paranoïa 24/02/2014
45%
Bwo Inspi d'ailleurs 29/06/2018
44%
Alors la zone Demain ça ira 07/06/2021
42%
Jusqu'à minuit ft. Ninho 22/03/2019
41%
La faille C'est quand qu'il s'éteint ? 12/05/2023
40%
Parfum quartier Album gratuit, vol. 4 24/09/2017
40%
Sousou La machine 06/03/2020
39%
La street Indépendance 10/12/2021
38%
Mon bijou Émotions 24/06/2016
33%
Pow Pow C'est pas des LOL 06/12/2019
33%
Superstar Extraterrestre 19/05/2022
32%
J'ai tout su Extraterrestre 03/06/2022
31%
Pic et pic, alcool et drame Demain ça ira 25/06/2021
31%
Tel me Rien 100 Rien 04/10/2019
30%
Ma che beauté La zone en personne 04/12/2018
29%
Drôle de dame Album gratuit, vol. 4 23/09/2017
28%
Dans tes yeux La zone en personne 07/12/2018
27%
La miss Indépendance 10/12/2021
27%
Namek Cœur blanc 18/11/2022
27%
Oh qu'elle est belle Décennie 19/01/2024
27%
Elle et l'autre L'ovni 01/12/2016
26%
Un jour, je l'aurai Inarrêtable 15/11/2024
26%
C'est le son de la gratte L'ovni 09/11/2016
19%
La classe Émotions 24/06/2016
19%
J'fais plaisir à la zone La route est longue 08/12/2023
18%
Mother fuck Loin du monde 11/12/2020
17%
Aucun quiz correspondant
Distribution des résultats
% des personnes avec chaque résultat
Percentile par nombre de réponses
Votre historique - résultats
Vous n’avez pas pris ce quiz depuis la dernière actualisation